000 01236cam a2200325 a 4500
001 4935026
003 OSt
005 20170308115005.0
008 950720s1993 txua 001 0 eng
010 _a 95180362
020 _a0030749638
040 _aDLC
_cDLC
050 0 0 _aQ182.3
_b.M39 1993
082 0 0 _a507.8
_220
100 1 _aMcFadden, Charles P.
245 1 0 _aSciencePlus :
_btechnology and society /
_cproject directors, Charles McFadden, Robert E. Yager.
246 3 0 _aTechnology and society
260 _aAustin :
_bHolt, Rinehart and Winston,
_c1993.
300 _axiii, 501, S158 p. :
_bcol. ill. ;
_c28 cm.
500 _a"This new United States edition has been adapted from prior work by the Atlantic Science Curriculum Project ..."
500 _a"Level blue ..."--Cover, p. 4.
500 _aIncludes teacher's source book (p. S1-S158).
500 _aIncludes index.
650 0 _aScience
_xExperiments.
650 0 _aScience
_xStudy and teaching
_xActivity programs.
700 1 _aYager, Robert Eugene,
_d1930-
906 _a7
_bcbc
_corignew
_d3
_encip
_f19
_gy-gencatlg
942 _2lcc
_cBK
999 _c49169
_d49169